التقرير الاستراتيجي العربي 2010 / (Record no. 16618)
[ view plain ]
| 000 -الفاتح | |
|---|---|
| حقل البيانات ثابتة الطول | 01044nam a22001937a 4500 |
| 008 - عناصر البيانات ثابتة الطول - معلومات عامة | |
| حقل البيانات ثابتة الطول | 120401s2011 ua|||||d ||| f00| 0 ng d |
| 020 ## - الرقم الدولى المعيارى للكتب | |
| الرقم الدولى المعيارى للكتاب | 9771300563 |
| 082 ## - رقم تصنيف ديوى العشرى | |
| رقم الطبعة | 22 |
| رقم التصنيف | 320.91751 |
| رقم المادة | م ر ك |
| 110 ## - المدخل الرئيسى - إسم هيئة | |
| 9 (RLIN) | 29508 |
| اسم الهيئة أو اسم السلطة كمدخل | مركز الدراسات السياسية والاستراتيجية |
| 245 ## - بيان العنوان | |
| العنوان | التقرير الاستراتيجي العربي 2010 / |
| بيان المسئوليه,etc | مركز الدراسات السياسية والاستراتيجية، مؤسسة الأهرام. |
| 250 ## - بيان الطبعة | |
| بيان الطبعة | ط. 1. |
| 260 ## - PUBLICATION, DISTRIBUTION, ETC. (IMPRINT) | |
| مكان الناشر او الموزع | القاهرة : |
| اسم الناشر او الموزع | مركز الأهرام، مركز الدراسات السياسية والاستراتيجية، |
| تاريخ النشر أو التوزيع | 2011. |
| 300 ## - الوصف المادى | |
| التعداد | 551 ص. ؛ |
| أبعاد الوعاء | 28 سم. |
| 610 ## - المدخل الاضافى بالموضوع-اسم هيئة | |
| 9 (RLIN) | 29509 |
| اسم الهيئة أو اسم السلطة كمدخل | مركز الدراسات السياسية والاستراتيجية |
| التقسيم الفرعي الشكلي | تقارير |
| 651 ## - المدخل الاضافى بالموضوع - اسم جغرافى | |
| 9 (RLIN) | 27979 |
| الاسم الجغرافي | البلاد العربية |
| التقسيم الفرعي العام | سياسة وحكومة |
| 653 ## - مصطلح تكشيفى غير مقيد | |
| Resource For college | |
| Arrived date list | April2012 |
| 942 ## - عناصر المدخل الإضافي( كوها) | |
| مصدر التصنيف او مخطط الترفيف | Dewey Decimal Classification |
| Koha [default] item type | Book - Borrowing |
| حالة التراجع | حالة الفقد | مصدر التصنيف او خطة الترفيف | حالة تلف | ليس للاعارة | مجموعات كوها | المكان الدائم | المكان الحالي | موقع الترفيف | تاريخ الاكتساب | Source of acquisition | سعر الشراء الطبيعي | تعداد مسلسل / التسلسل الزمني | رقم الاستدعاء | الباركود | Date last seen | نوع الوعاء |
|---|---|---|---|---|---|---|---|---|---|---|---|---|---|---|---|---|
| Dewey Decimal Classification | Alahram | Central Library | Central Library | First floor | 01/04/2012 | 80.00 | 11676 | 320.91751 م ر ك | 000026560 | 15/07/2025 | Book - Borrowing |